000
00335nam a2200145Ia 4500
005
20250322140156.0
008
240331s9999 xx 000 0 und d
082
_b
MAA
_a
894
100
_a
Maalan,
245
0
_a
M.S
260
_a
Chennai
_b
Pooncholai Pathipagam
_c
1995
300
_a
128 p .,
650
_a
Tamil Social Novel
942
_c
L
999
_c
3744
_d
3744